Statistics for Lithuanian declension

Click here to take the quiz!

General Stats

  • This quiz has been taken 4 times
  • The average score is 101 of 132

Answer Stats

HintAnswer% Correct
3bak{į}
100%
3pbak{is}
100%
3paak{ys}
100%
12abrol{i}
100%
12bbrol{į}
100%
4b | 4pcdang{ų}
100%
4pbdang{us}
100%
4padang{ūs}
100%
3Mbdebes{į}
100%
3Mpbdebes{is}
100%
3Mpcdebes{ų}
100%
3mpadebes{ys}
100%
13bobuol{į}
100%
13aobuol{y}
100%
21a | 21esaul{e}
100%
21bsaul{ę}
100%
SSbseser{į}
100%
SSpbseser{is}
100%
Sscseser{s}
100%
SSpcseser{ų}
100%
SSpaseser{ys}
100%
Sbšun{į}
100%
Spbšun{is}
100%
Scšun{s}
100%
Spcšun{ų}
100%
Spašun{ys}
100%
5bvanden{į}
100%
5pbvanden{is}
100%
5cvanden{s}
100%
5pcvanden{ų}
100%
5pavanden{ys}
100%
2bvarn{ą}
100%
2a | 2evarn{a}
100%
2pbvarn{as}
100%
2c | 2pavarn{os}
100%
2pcvarn{ų}
100%
1bvyr{ą}
100%
1a | 1fvyr{e}
100%
1cvyr{o}
100%
1pcvyr{ų}
100%
1evyr{u}
100%
1pbvyr{us}
100%
3dak{iai}
75%
3aak{ie}
75%
3pcak{ių}
75%
3fak{yje}
75%
12pabrol{iai}
75%
12cbrol{io}
75%
12ebrol{iu}
75%
12pcbrol{ių}
75%
12dbrol{iui}
75%
12pbbrol{ius}
75%
12fbrol{yje}
75%
4adang{au}
75%
4ddang{ui}
75%
4fdang{uje}
75%
4edang{umi}
75%
3Madebes{ie}
75%
3Mddebes{iui}
75%
3Mfdebes{yje}
75%
13paobuol{iai}
75%
13cobuol{io}
75%
13pcobuol{ių}
75%
13eobuol{iu}
75%
13dobuol{iui}
75%
13pbobuol{ius}
75%
13fobuol{yje}
75%
21dsaul{ei}
75%
21fsaul{ėje}
75%
21pbsaul{es}
75%
21c | 21pasaul{ės}
75%
21pcsaul{ių}
75%
SSdseser{iai}
75%
SSaseser{ie}
75%
SSeseser{imi}
75%
SSfseser{yje}
75%
Sašun{ie}
75%
Sdšun{iui}
75%
Sfšun{yje}
75%
5avanden{ie}
75%
5evanden{iu}
75%
5dvanden{iui}
75%
5fvanden{yje}
75%
2dvarn{ai}
75%
2fvarn{oje}
75%
1pavyr{ai}
75%
1dvyr{ui}
75%
3cak{ies}
50%
3eak{imi}
50%
3peak{imis}
50%
3pdak{ims}
50%
3pfak{yse}
50%
12pebrol{iais}
50%
12pdbrol{iams}
50%
12pfbrol{iuose}
50%
4cdang{aus}
50%
4pedang{umis}
50%
4pddang{ums}
50%
4pfdang{uose}
50%
3Mcdebes{ies}
50%
3Medebes{imi}
50%
3Mpedebes{imis}
50%
3Mpddebes{ims}
50%
3Mpfdebes{yse}
50%
13peobuol{iais}
50%
13pdobuol{iams}
50%
13pfobuol{iuose}
50%
21pesaul{ėmis}
50%
21pdsaul{ėms}
50%
21pfsaul{ėse}
50%
SSpeseser{imis}
50%
SSpdseser{ims}
50%
Sspfseser{yse}
50%
Sešun{imi}
50%
Spešun{imis}
50%
Spdšun{ims}
50%
Spfšun{yse}
50%
5pevanden{imis}
50%
5pdvanden{ims}
50%
5pfvanden{yse}
50%
2pevarn{omis}
50%
2pdvarn{oms}
50%
2pfvarn{ose}
50%
1pevyr{ais}
50%
1pdvyr{ams}
50%
1pfvyr{uose}
50%

Score Distribution

Percentile by Number Answered

Percent of People with Each Score

Your Score History

You have not taken this quiz